|
|
|
|
| LEADER |
00000nam2a2200000 4500 |
| 001 |
256890 |
| 005 |
20231031215657.0 |
| 035 |
|
|
|a (RuTPU)RU\TPU\book\279634
|
| 035 |
|
|
|a RU\TPU\book\33462
|
| 090 |
|
|
|a 256890
|
| 100 |
|
|
|a 20140411d1983 m y0rusy50 ca
|
| 101 |
0 |
|
|a rus
|
| 102 |
|
|
|a RU
|
| 105 |
|
|
|a a j 000zy
|
| 200 |
0 |
|
|a Т. 1 : Физика атомного ядра
|
| 210 |
|
|
|d 1983
|
| 215 |
|
|
|a 616 с.
|c ил.
|
| 320 |
|
|
|a Библиогр.: с. 608-611.
|
| 461 |
|
1 |
|0 (RuTPU)RU\TPU\book\33462
|t Экспериментальная ядерная физика
|o учебное пособие
|o в 2-х т.
|f К. Н. Мухин
|v Т. 1 : Физика атомного ядра
|d 1983-
|
| 610 |
1 |
|
|a ядерная физика
|
| 610 |
1 |
|
|a ядерные модели
|
| 610 |
1 |
|
|a частицы
|
| 610 |
1 |
|
|a ядерные реакции
|
| 610 |
1 |
|
|a излучения
|
| 610 |
1 |
|
|a учебные пособия
|
| 675 |
|
|
|a 539.14(075.8)
|v 3
|
| 801 |
|
0 |
|a RU
|b 63413507
|c 20011210
|g PSBO
|
| 801 |
|
2 |
|a RU
|b 63413507
|c 20201106
|g PSBO
|
| 801 |
|
0 |
|a RU
|b 63413507
|c 20011210
|g PSBO
|
| 900 |
|
|
|a Ядерная физика
|
| 942 |
|
|
|c BK
|